[Event "Zhukovsky Elo-E"]
[Site "Zhukovsky"]
[Date "2008.01.13"]
[Round "7"]
[White "Ershov, Aleksey"]
[Black "Pogodaev, Leonid"]
[Result "1-0"]
[WhiteElo "1630"]
[BlackElo "1576"]
[PlyCount "69"]
[EventDate "2008.01.02"]
[EventType "tourn"]
[EventRounds "9"]
[EventCountry "RUS"]
[SourceTitle "EXT 2010"]
[Source "ChessBase"]
[SourceDate "2010.11.25"]
[SourceVersion "1"]
[SourceVersionDate "2010.11.25"]
[SourceQuality "1"]

1. d4 d5 2. c4 e6 3. e3 dxc4 4. Bxc4 Bb4+ 5. Bd2 Bxd2+ 6. Nxd2 Ne7 7. Ngf3 Qd6 8. 0-0 b6 9. Rc1 Bb7 10. Ne5 Ng6 11. Qa4+ Ke7 12. Ndf3 Nc6 13. Rfd1 Rhd8 14. Ba6 b5 15. Qxb5 Ncxe5 16. Qxb7 Nxf3+ 17. gxf3 Rdc8 18. Rc6 Qd7 19. Rdc1 Ke8 20. Rxc7 Rxc7 21. Qxa8+ Ke7 22. Rxc7 Qxc7 23. Qb7 Qxb7 24. Bxb7 Kd6 25. Kf1 e5 26. dxe5+ Nxe5 27. Ke2 f6 28. b3 h6 29. h3 Kc5 30. f4 Ng6 31. a3 Ne7 32. Kd3 Kd6 33. b4 Kc7 34. Be4 Kb6 35. a4 1-0